000 00789nas a2200265 4500
001 BR0906086
003 BR-BrBNA
005 20231205113505.0
007 ta
008 230509b bl.|||p| |||| 00| 00por d
040 _aBR-BrBNA
_bpor
_cBiblioteca Nacional de Agricultura
041 _a(Pt)
072 _aH60
100 1 _aRodrigues, I.M.C.
100 1 _aSouza Filho, A.P.S.
100 1 _aFerreira, F.A.
245 1 _aEstudo fitoquímico de Senna alata por duas metodologias
650 _aCASSIA
650 _aIPE FALSO
650 _aCROMATOGRAFIA
773 0 _tPlanta Daninha (Brazil)
_xISSN 0100-8358
_g(Jul-Sep 2009), v. 27(3) p. 507-513
_wBR0906086
856 4 0 _uhttp://www.aprh.pt/rgci-155_Borges.pdf
909 _a202311
_bLúcia
_c55
_dLúcia Elande
942 _2AGRIS
_n0
_cANA
999 _c204058
_d204058